A short course of economics
Saved in:
| Main Author: | |
|---|---|
| Format: | Book |
| Language: | English |
| Published: |
London :
McGraw-Hill book company,
1993
|
| Subjects: | |
| Tags: |
Add Tag
No Tags, Be the first to tag this record!
|
MARC
| LEADER | 00000nam a2200000 i 4500 | ||
|---|---|---|---|
| 001 | 1/38679 | ||
| 008 | 960119s1993 eng d | ||
| 020 | |a 0-07-707726-1 | ||
| 035 | |l 10024906 | ||
| 040 | |a GR-MY-UA |b gre |e aacr | ||
| 041 | 0 | |a eng | |
| 082 | 0 | |a 330 | |
| 100 | 1 | |a Blake, David |d 1954- | |
| 245 | 1 | 2 | |a A short course of economics / |c David Blake |
| 260 | |a London : |b McGraw-Hill book company, |c 1993 | ||
| 300 | |a 224 p. | ||
| 500 | |a Includes index | ||
| 650 | 0 | 0 | |a Economics. |
| 852 | |a INST |b CHIOS |e 19960119 |h 330 BLA |p 005200003677 |q 005200003677 |t BK |y 0 | ||
| 909 | |a Χ |b 037589 | ||